Imago: la cultura visual y figurativa del Barroco

Gorde:
Xehetasun bibliografikoak
Egile nagusia: Flor, Fernando R. de la (Egilea)
Formatua: Liburua
Hizkuntza:gaztelania
Argitaratua: Madrid Abada Editores 2009
Gaiak:
Etiketak: Etiketa erantsi
Etiketarik gabe, Izan zaitez lehena erregistro honi etiketa jartzen!

MARC

LEADER 00000cam a2200000 a 4500
001 UCF9581
003 CL-VaPUC
008 131129e20090000sp |||||||||||||||||spa|d
020 |a 9788496775565 
082 0 4 |a 704.946  |b FLO  |2 21 
100 0 |a Flor, Fernando R. de la  |e author  |9 571952 
245 1 0 |a Imago: la cultura visual y figurativa del Barroco 
300 |a 281 p 
942 |c BK 
945 |d 20131129 12:34:00  |a dcastane 
260 |a Madrid  |b Abada Editores  |c 2009 
650 0 |a Simbolismo  |9 267046 
650 0 |a Barroco   |9 338027 
650 0 |a Imágenes   |9 361884 
650 7 |a EMBLEMAS  |2 CL-VaPUC  |9 375485 
650 0 |a Iconografía   |9 267998 
583 |a last modification  |c 20131129 12:34:00  |k Rodrigo Vera 
999 |c 354024  |d 354022 
952 |0 0  |1 0  |3 erb  |4 0  |6 704_946000000000000_FLO_2009  |7 0  |8 A  |9 459654  |a BIBART  |b BIBART  |i 5028973  |l 1  |o 704.946 FLO 2009  |p 5028973  |r 2025-03-13  |s 2024-11-20  |w 2019-11-23  |y BK  |z Catalogado en:20131129  |k ART 
952 |0 0  |1 0  |3 erb  |4 0  |6 704_946000000000000_FLO_2009  |7 0  |8 A  |9 459655  |a BIBHIS  |b BIBHIS  |i 5033462  |o 704.946 FLO 2009  |p 5033462  |r 2025-01-20  |w 2019-11-23  |y BK  |z Catalogado en:20131213  |k HIS